|
|
|
|
| LEADER |
00000naa2a2200000 4500 |
| 001 |
621826 |
| 005 |
20260311164435.0 |
| 035 |
|
|
|a (RuTPU)RU\TPU\conf\20442
|
| 035 |
|
|
|a RU\TPU\conf\20441
|
| 090 |
|
|
|a 621826
|
| 100 |
|
|
|a 20170120d2016 k y0rusy50 ca
|
| 101 |
0 |
|
|a rus
|
| 102 |
|
|
|a RU
|
| 135 |
|
|
|a drcn ---uucaa
|
| 181 |
|
0 |
|a i
|b e
|
| 182 |
|
0 |
|a b
|
| 183 |
|
0 |
|a cr
|2 RDAcarrier
|
| 200 |
1 |
|
|a Синтез 3-диазоний-2-фенилиндол тозилата как перспективного субстрата для получения производных индол-пирролов
|f Д. Е. Воткина, А. Г. Фефелова
|g науч. рук. В. Д. Филимонов
|
| 203 |
|
|
|a Текст
|c электронный
|b визуальный
|
| 225 |
1 |
|
|a Органическая химия и биотехнологии
|
| 283 |
|
|
|a online_resource
|2 RDAcarrier
|
| 300 |
|
|
|a Заглавие с титульного экрана
|
| 320 |
|
|
|a Библиогр.: с. 265 (9 назв.)
|
| 336 |
|
|
|a Текстовый файл
|
| 463 |
|
1 |
|0 (RuTPU)RU\TPU\conf\20333
|t Высокие технологии в современной науке и технике (ВТСНТ-2016)
|o сборник научных трудов V Международной научно-технической конференции молодых ученых, аспирантов и студентов, г. Томск, 5–7 декабря 2016 г.
|f Национальный исследовательский Томский политехнический университет (ТПУ) ; под ред. А. Н. Яковлева
|v С. 265
|d 2016
|
| 610 |
1 |
|
|a труды учёных ТПУ
|
| 610 |
1 |
|
|a электронные ресурсы
|
| 610 |
1 |
|
|a алкалоиды
|
| 610 |
1 |
|
|a природные продукты
|
| 610 |
1 |
|
|a энтеробактерии
|
| 610 |
1 |
|
|a пигменты
|
| 610 |
1 |
|
|a диазотирование
|
| 700 |
|
1 |
|a Воткина
|b Д. Е.
|c химик-технолог
|c младший научный сотрудник Томского политехнического университета
|f 1995-
|g Дарья Евгеньевна
|3 (RuTPU)RU\TPU\pers\42300
|9 21514
|
| 701 |
|
1 |
|a Фефелова
|b А. Г.
|c химик-органик
|c младший научный сотрудник Томского политехнического университета
|f 1988-
|g Анастасия Григорьевна
|y Томск
|3 (RuTPU)RU\TPU\pers\30673
|9 14953
|
| 702 |
|
1 |
|a Филимонов
|b В. Д.
|c химик
|c профессор Томского политехнического университета, доктор химических наук
|f 1945-
|g Виктор Дмитриевич
|4 727
|
| 801 |
|
2 |
|a RU
|b 63413507
|c 20191213
|g RCR
|
| 856 |
4 |
0 |
|u http://earchive.tpu.ru/handle/11683/36508
|z http://earchive.tpu.ru/handle/11683/36508
|
| 942 |
|
|
|c CF
|